000 00581nam a2200181 a 4500
001 000010929
005 20200929162323.0
008 091013s1941 dr 001 0 spa d
040 _aDO-SdBNP
_bspa
_cBNPHU
082 _axxx
_bR426l
110 1 _aRepública Dominicana
_tLeyes, decretos, etc.
_926344
240 1 0 _a[Leyes, etc.]
245 1 0 _aLey electoral :
_bcon sus modificaciones hasta julio de 1941.
260 _aCiudad Trujillo, República Dominicana :
_bPartido Dominicano,
_c1941.
300 _a129 p. ;
_c22 cm.
500 _aIncluye índice alfabético
049 _aBNPD
999 _c10667
_d10667